| 000 | 00000nam 2200000za 4500 |
| 001 | 9.608634 |
| 003 | CaOODSP |
| 005 | 20240628092338 |
| 007 | ta |
| 008 | 150406|1992||||xxc||||| f|0| 0 eng d |
| 020 | |a0-662-20065-9 |
| 040 | |aCaOODSP|beng |
| 043 | |an-cn--- |
| 086 | 1 |aEn49-9/1-6E |
| 110 | 1 |aCanada.|bEnvironment Canada. |bEnvironmental Protection. |
| 245 | 10|aEnvironmental codes of practice for steam electric power generation: decommissioning phase / |cIssued by the Industrial Programs Branch. |
| 260 | |aOttawa - Ontario : |bEnvironment Canada. |c1992. |
| 300 | |a61p. : |bfigs., references ; |c28 cm. |
| 490 | 1 |aEnvironmental Protection series|vEPS 1/PG/6 |
| 500 | |aIssued also in electronic format. |
| 563 | |aSoftcover |
| 690 | 07|aElectricity|2gcpds |
| 690 | 07|aEnvironmental protection|2gcpds |
| 776 | 0#|tEnvironmental codes of practice for steam electric power generation : |w(CaOODSP)9.911078 |
| 830 | #0|aEnvironmental protection series reports ;|vEPS 1/PG/6|w(CaOODSP)9.514591 |